Corporate Governance An International Review

Bibliographic Details
Format: eBook
Language:English
Published: Hoboken: Wiley, 1993 -
Subjects:
Online Access:Acceso restringido

MARC

LEADER 00000nam a22000007a 4500
005 20210322230825.0
007 cr|||| ||||
008 210322c19939999us n|w s|||| 0|||b1eng d
022 |a 0964-8410 
035 |a 32856 
040 |a vLex 
090 |c 11356  |d 11356 
245 0 0 |a Corporate Governance  |h [Recurso electrn̤ico] :  |b An International Review 
256 |a Servicio en ln̕ea 
260 |a Hoboken:  |b Wiley,  |c 1993 - 
300 |a 1 recurso electrn̤ico 
310 |a Irregular 
362 |a Nð 1-1 (Ene. 1993) - 
506 1 |a Disponible solo en los productos indicados  |d vLex Global  |d vLex Global (Academic Edition, excluding Law Schools)  |d vLex Global (Academic Edition, Law Schools) 
650 0 4 |a Derecho Internacional  |z Estados Unidos 
740 0 |a vLex Revistas (Servicio en ln̕ea) 
856 4 0 |u https://vlex.com/source/32856  |z Acceso restringido 
942 |c REV 
999 0 |a International right